000 00283nam a22001337a 4500
020 _a0-721404-53-7
082 _a823
_bSWI/G
100 _aSWIFT JONATHAN
245 _aGULLIVER'S TRAVELS
260 _aUK
_bLADYBIRD
300 _a51
650 _aENGLISH SHORT STORY
_zUK
942 _cBK
999 _c1892
_d1892